[Event "Titled Tue 10th Jun Late"]
[Site "chess.com INT"]
[Date "2025.06.10"]
[Round "8"]
[White "Azamikia, Mehran"]
[Black "Petrus, Adrian"]
[Result "0-1"]
[WhiteTitle "CM"]
[BlackTitle "CM"]
[WhiteElo "2130"]
[BlackElo "2203"]
[WhiteFideId "12502502"]
[BlackFideId "14573652"]
[EventDate "2025.06.10"]

1. d4 Nf6 2. Nf3 d5 3. c4 e6 4. g3 Be7 5. Bg2 O-O 6. O-O dxc4 7. Qc2 b6 8. Nbd2
b5 9. a4 c6 10. b3 cxb3 11. Nxb3 a6 12. Bf4 Bb7 13. Rfd1 Nbd7 14. Ne5 Nd5 15.
Be4 N7f6 16. Bf3 Rc8 17. Nc5 Bxc5 18. dxc5 Qe7 19. Bg5 h6 20. Bd2 Nd7 21. Nxd7
Qxd7 22. e4 Nc7 23. Bxh6 Qe7 24. Bf4 e5 25. Be3 Ne6 26. Bg4 Rfd8 27. Bxe6 Qxe6
28. a5 f6 29. h4 Qe7 30. h5 Rxd1+ 31. Rxd1 Rd8 32. h6 gxh6 33. Bxh6 Rxd1+ 34.
Qxd1 Bc8 35. Be3 Be6 36. Qh5 Qf7 37. Qh4 b4 38. f4 b3 39. Qh2 Qg7 40. f5 b2 41.
Qxb2 Qxg3+ 42. Kh1 Qf3+ 43. Qg2+ Qxg2+ 44. Kxg2 Bc4 45. Bh6 Kf7 46. Kf3 Bd3 47.
Ke3 Bb1 48. Kf3 Bc2 49. Bd2 Bb1 50. Ke3 Bc2 51. Be1 Bb1 52. Bg3 Ba2 53. Bh4 Bc4
54. Be1 Bb5 55. Bc3 Ba4 56. Bb2 Bb5 57. Ba1 Ba4 58. Bc3 Bb5 59. Be1 Ba4 60. Bg3
Bb5 61. Bxe5 fxe5 62. Kf3 Kf6 63. Ke3 Bc4 64. Kf3 Kg5 65. Kg3 Be2 66. Kf2 Bh5
67. Kg3 Bf7 68. Kf2 Bc4 69. Ke3 Bb3 70. Kf3 Bc4 71. Ke3 Kg4 72. f6 Be6 73. Kf2
Kf4 74. f7 Bxf7 75. Ke2 Kxe4 0-1

[Event "Titled Tue 10th Jun Late"]
[Site "chess.com INT"]
[Date "2025.06.10"]
[Round "8"]
[White "Gokerkan, Cem Kaan"]
[Black "Xiong, Jeffery"]
[Result "0-1"]
[WhiteTitle "GM"]
[BlackTitle "GM"]
[WhiteElo "2489"]
[BlackElo "2639"]
[WhiteFideId "6336760"]
[BlackFideId "2047640"]
[EventDate "2025.06.10"]

1. e4 c5 2. Nf3 Nc6 3. Bb5 d6 4. O-O Bd7 5. Re1 Nf6 6. c3 a6 7. Bf1 Bg4 8. h3
Bxf3 9. Qxf3 e6 10. Qd1 Be7 11. d4 cxd4 12. cxd4 d5 13. e5 Nd7 14. Qg4 g5 15.
Nc3 h5 16. Qd1 g4 17. hxg4 hxg4 18. g3 Qb6 19. Be3 O-O-O 20. Na4 Qa5 21. a3 b5
22. Nc3 Ndxe5 23. dxe5 d4 24. Qxg4 dxe3 25. Rxe3 Bc5 26. Ree1 Qb6 27. Ne4 Nxe5
28. Qf4 Bd4 29. Rac1+ Kb7 30. Bg2 Ka7 31. Ng5 f6 32. Nxe6 Qxe6 33. Rc7+ Kb8 34.
Rb7+ Kc8 35. Rc1+ Qc4 36. Rxc4+ bxc4 37. Qf5+ Rd7 38. Bc6 Rd8 39. Rxd7 Nxd7 40.
Qd5 Ne5 41. Qe6+ Kc7 42. Be4 Rd6 43. Qe7+ Nd7 44. Qf7 Bc5 45. Qxc4 Rd4 46. Qc2
a5 47. Bf3 Kd6 48. Kg2 Ne5 49. Qf5 Ke7 50. Qh7+ Kd6 51. Qf5 Ke7 52. Qc2 Kd6 53.
Be2 a4 54. Qf5 Ke7 55. Qh7+ Kd6 56. Qf5 Ke7 57. Qc2 Kd6 58. Bb5 Ng4 59. Qf5 Ke7
60. Bxa4 Ne5 61. Bb5 Rd2 62. Qe4 Rxf2+ 63. Kh3 Rxb2 64. Qb7+ Kd6 65. a4 Bg1 66.
Qb8+ Kd5 67. Qa8+ Kd6 68. Qd8+ Ke6 69. Qe8+ Kd6 70. Qd8+ Ke6 71. Qc8+ Kd6 72.
Qf8+ Ke6 73. Bc4+ Nxc4 74. Qg8+ Kf5 75. Qxc4 Rh2# 0-1

[Event "Titled Tue 10th Jun Late"]
[Site "chess.com INT"]
[Date "2025.06.10"]
[Round "8"]
[White "Medina Paz, Miguel"]
[Black "Hariharan, Shambavi"]
[Result "1-0"]
[WhiteTitle "IM"]
[BlackTitle "WCM"]
[WhiteElo "2368"]
[BlackElo "1936"]
[WhiteFideId "7300379"]
[BlackFideId "488160"]
[EventDate "2025.06.10"]

1. d4 d5 2. c4 e6 3. Nf3 Nf6 4. Nc3 Bb4 5. cxd5 exd5 6. Bg5 Bf5 7. e3 Nbd7 8.
Bd3 Bg6 9. Ne5 c6 10. Nxd7 Qxd7 11. Bxf6 gxf6 12. h4 Rg8 13. g3 O-O-O 14. h5
Bxd3 15. Qxd3 Bd6 16. O-O-O h6 17. Kb1 Rg5 18. Ne2 Qg4 19. Rh4 Qf3 20. Ng1 Qxf2
21. Nh3 Qxg3 22. Nxg5 Qxh4 23. Nxf7 Rd7 24. Qf5 Qe4+ 25. Qxe4 dxe4 26. Nxh6 Rh7
27. Nf5 Bf8 28. Rh1 Bh6 29. Kc2 Bg5 30. Nd6+ Kc7 31. Nxe4 Bxe3 32. Nxf6 Rh8 33.
Kd3 Bg5 34. Ng4 a6 35. h6 Rh7 36. Rh5 Bf4 37. Ke4 Bc1 38. b3 Kd6 39. Kf5 Bb2 40.
Ke4 Bc1 41. Rh1 Bg5 42. a3 Bd2 43. a4 a5 44. Rh2 Bc1 45. Rh5 Ke6 46. Rxa5 Bd2
47. Re5+ Kd6 48. Rf5 Ke6 49. Rf6+ Kd7 50. Kf5 Bc3 51. Ke4 Ke7 52. Rg6 Bd2 53.
Kf5 Bc3 54. Rg7+ Rxg7 55. hxg7 Kf7 56. Ne5+ Kxg7 57. Ke4 Kf6 58. Nd7+ Ke7 59.
Nc5 b6 60. Nd3 Ba5 61. Ke5 Bc3 62. Ke4 Kd6 63. Ne5 c5 64. Nc4+ Kc6 65. d5+ Kc7
66. Kf5 Kd7 67. Ke4 Kc7 68. Kf5 Kd7 69. Nxb6+ Kd6 70. Ke4 Ba5 71. Nc4+ Kd7 72.
Nxa5 Kd6 73. Nc4+ Kc7 74. Ke5 Kd7 75. d6 Kc8 76. Ke6 Kd8 77. d7 Kc7 78. Ke7 Kc6
79. d8=Q 1-0

[Event "Titled Tue 10th Jun Late"]
[Site "chess.com INT"]
[Date "2025.06.10"]
[Round "8"]
[White "Alvarado, Carlos"]
[Black "Bazan Romero, Octavio Aaron"]
[Result "1/2-1/2"]
[WhiteTitle "CM"]
[BlackTitle "FM"]
[WhiteElo "2032"]
[BlackElo "2289"]
[WhiteFideId "3800555"]
[BlackFideId "20003943"]
[EventDate "2025.06.10"]

1. Nf3 Nf6 2. b3 d5 3. Bb2 Nc6 4. e3 Bg4 5. Bb5 Qd6 6. h3 Bxf3 7. gxf3 e5 8. Ba3
Qe6 9. Bxf8 Rxf8 10. Rg1 g6 11. h4 O-O-O 12. Bxc6 Qxc6 13. d3 d4 14. e4 Nh5 15.
Qd2 f5 16. a4 fxe4 17. fxe4 Rf4 18. Na3 Rdf8 19. Nc4 Qf6 20. O-O-O Rxf2 21. Qb4
Qxh4 22. Kb1 Qf6 23. Rh1 a6 24. a5 Qc6 25. Rc1 Re8 26. Rhf1 Rxf1 27. Rxf1 Qb5
28. Qe1 Nf4 29. Qh4 h5 30. Qf6 Qc6 31. Qg7 Qd7 32. Qf6 Qe6 33. Qg7 Qh3 34. Rg1
Qd7 35. Qf6 Qe7 36. Qg5 Qxg5 37. Rxg5 h4 38. Nxe5 h3 39. Nf3 Rh8 40. Nh2 Rh4 41.
Kc1 Kd7 42. Kd2 Ke6 43. Rc5 c6 44. b4 Ng2 45. Rg5 Kf6 46. Rg3 Ne3 47. c3 Rf4 48.
cxd4 Rf2+ 49. Kxe3 Rxh2 50. Kf3 Rh1 51. d5 cxd5 52. exd5 h2 53. Kg2 Rb1 54. Kxh2
Rxb4 55. Re3 Rd4 56. Re6+ Kf7 57. Rb6 Rxd5 58. Rxb7+ Kf8 59. Rb6 Rxa5 60. Rxg6
Ke7 61. Kg2 Kd7 62. Kf3 Kc7 63. Ke3 Kb7 64. Rg7+ Kb6 65. Rg6+ Kc7 66. Rg7+ Kd6
67. Rg6+ Kd7 68. Rg7+ Ke6 69. Rg6+ Kf5 70. Rb6 Ra1 71. Kd4 a5 72. Kc4 a4 73. Ra6
a3 74. Kb3 Ke5 75. Rxa3 Rxa3+ 76. Kxa3 Kd4 77. Kb2 Kxd3 1/2-1/2

[Event "Titled Tue 10th Jun Late"]
[Site "chess.com INT"]
[Date "2025.06.10"]
[Round "8"]
[White "Nepomniachtchi, Ian"]
[Black "Tahbaz, Arash"]
[Result "0-1"]
[WhiteTitle "GM"]
[BlackTitle "IM"]
[WhiteElo "2757"]
[BlackElo "2462"]
[WhiteFideId "4168119"]
[BlackFideId "12528846"]
[EventDate "2025.06.10"]

1. e4 d5 2. exd5 Qxd5 3. Nc3 Qa5 4. d4 Nf6 5. Nf3 c6 6. Bc4 Bf5 7. Bd2 Nbd7 8.
Qe2 e6 9. Nd5 Qd8 10. Nxf6+ Nxf6 11. c3 Bd6 12. O-O O-O 13. h3 h6 14. Rfe1 b5
15. Bb3 a5 16. a4 Qb6 17. Ne5 Rab8 18. Bf4 Qc7 19. axb5 cxb5 20. Qf3 a4 21. Ba2
Qb7 22. Qe2 Nd5 23. Bd2 Rfe8 24. Rac1 Ra8 25. Qf3 a3 26. bxa3 Rxa3 27. Bb1 Bxb1
28. Rxb1 Bxe5 29. Rxe5 Qc6 30. Qg4 Kf8 31. Rbe1 Ra2 32. Qd1 Rea8 33. Qc1 Qc4 34.
Bxh6 Ra1 35. Bxg7+ Kxg7 36. Qg5+ Kf8 37. h4 Qxc3 38. Qh6+ Ke7 39. Rxe6+ fxe6 40.
Qxe6+ Kd8 41. Qxd5+ Kc7 42. Rxa1 Rxa1+ 43. Kh2 Qc6 44. Qf5 Qd6+ 45. g3 Ra8 46.
Qxb5 Rf8 47. Qc4+ Kd7 48. Kg1 Qc6 49. Qe2 Qd5 50. Qe3 Qf3 51. Qd2 Re8 52. Qa5
Re2 53. Qa7+ Ke8 54. Qb8+ Kf7 55. Qc7+ Kg8 56. Qd8+ Kf7 57. Qc7+ Kg6 58. Qd6+
Kh5 59. Qc5+ Kg4 60. Qc8+ Qf5 61. Qxf5+ Kxf5 62. Kg2 Rd2 63. Kf3 Rd3+ 64. Ke2
Rxd4 65. Ke3 Ra4 66. f3 Ra3+ 67. Kf2 Rb3 68. Kg2 Rb2+ 69. Kh3 Rf2 70. h5 Rxf3
71. Kh4 Rf1 72. Kh3 Rh1+ 73. Kg2 Rxh5 0-1

[Event "Titled Tue 10th Jun Late"]
[Site "chess.com INT"]
[Date "2025.06.10"]
[Round "8"]
[White "Goldbeck, Lars"]
[Black "Klepek, Witold"]
[Result "1-0"]
[WhiteTitle "FM"]
[BlackTitle "CM"]
[WhiteElo "2391"]
[BlackElo "2253"]
[WhiteFideId "16208188"]
[BlackFideId "1175068"]
[EventDate "2025.06.10"]

1. e4 c5 2. c3 d5 3. exd5 Nf6 4. Bb5+ Bd7 5. Bxd7+ Qxd7 6. c4 e6 7. dxe6 fxe6 8.
Nc3 Nc6 9. Nf3 Be7 10. O-O O-O 11. Re1 Bd6 12. Qe2 Rae8 13. d3 e5 14. Ne4 Nd4
15. Nxd4 Nxe4 16. Qxe4 exd4 17. Qd5+ Kh8 18. Bd2 Qc7 19. g3 Rd8 20. Qg2 a6 21.
Re4 b5 22. b3 bxc4 23. bxc4 Rb8 24. Qh3 Rb2 25. Be1 Qf7 26. Qg2 Qd7 27. a4 h6
28. Qf1 Qf5 29. Rd1 Kh7 30. Rd2 Rb1 31. Qe2 Rfb8 32. Kg2 Ra1 33. Ra2 Rbb1 34.
Rxa1 Rxa1 35. Qb2 Rxa4 36. Qb6 Bf8 37. Rf4 Qc8 38. Qa7 Qe8 39. Bd2 Ra2 40. Bc1
Bd6 41. Re4 Qf8 42. Bf4 a5 43. Qd7 Bxf4 44. Rxf4 Qa8+ 45. Kh3 Re2 46. Qg4 Qe8
47. Qf5+ Kg8 48. Qxc5 Qe6+ 49. Kg2 a4 50. Qf8+ Kh7 51. Qc5 Rd2 52. Qxd4 a3 53.
Re4 Qf6 54. Qxf6 gxf6 55. Re7+ Kg6 56. Ra7 Rxd3 57. c5 Rc3 58. c6 Rxc6 59. Rxa3
h5 60. Rf3 Rd6 61. h3 Rc6 62. Ra3 Rd6 63. Ra5 Rc6 64. g4 hxg4 65. hxg4 Rc3 66.
f3 Rc1 67. Kg3 Rc4 68. f4 Rc3+ 69. Kh4 Rc1 70. f5+ Kh6 71. Ra8 Rh1+ 72. Kg3 Rg1+
73. Kf3 Kg7 74. Kf4 Rf1+ 75. Kg3 Rg1+ 76. Kf3 Rf1+ 77. Kg2 Ra1 78. Rxa1 1-0

[Event "Titled Tue 10th Jun Late"]
[Site "chess.com INT"]
[Date "2025.06.10"]
[Round "8"]
[White "Andrade, Ivan"]
[Black "Haszon, David"]
[Result "0-1"]
[WhiteTitle "FM"]
[BlackTitle "FM"]
[WhiteElo "2144"]
[BlackElo "2264"]
[WhiteFideId "14800039"]
[BlackFideId "733610"]
[EventDate "2025.06.10"]

1. e4 a6 2. d4 e6 3. c4 c5 4. d5 b5 5. cxb5 axb5 6. Bxb5 Nf6 7. f3 exd5 8. exd5
Bb7 9. Nc3 Bd6 10. Bg5 h6 11. Bh4 O-O 12. Nge2 Na6 13. O-O Nc7 14. Bc4 Re8 15.
Bg3 Bxg3 16. Nxg3 d6 17. Nge4 Ba6 18. Bxa6 Rxa6 19. Qd2 Re5 20. Rfd1 Nfxd5 21.
f4 Nxc3 22. Nxc3 Re8 23. Nd5 Nxd5 24. Qxd5 Ra4 25. f5 Re2 26. Rd2 Re5 27. Qc6
Rae4 28. Qxd6 Qxd6 29. Rxd6 Re2 30. Rb1 Rxf5 31. Rd3 Rff2 32. Rg3 Rxb2 33. Rxb2
Rxb2 34. Rc3 Rxa2 35. Rxc5 g5 36. Rc6 Kg7 37. h3 f6 38. Kh2 h5 39. Rb6 Kg6 40.
Rc6 h4 41. Rb6 Rc2 42. Ra6 Kf7 43. Rb6 Ke7 44. Ra6 Rd2 45. Ra7+ Ke6 46. Ra6+ Ke5
47. Ra5+ Rd5 48. Ra4 f5 49. Rb4 Rd2 50. Rb5+ Kf6 51. Rb6+ Kg7 52. Ra6 f4 53. Kg1
Re2 54. Rb6 Kf7 55. Ra6 Re6 56. Ra7+ Kf6 57. Ra5 Re5 58. Ra6+ Kf5 59. Ra4 Rb5
60. Rc4 Rb1+ 61. Kf2 Rb2+ 62. Kg1 Re2 63. Rc5+ Re5 64. Rc4 Rd5 65. Ra4 Ke5 66.
Ra8 Ke4 67. Re8+ Re5 68. Ra8 Rd5 69. Re8+ Kf5 70. Kf2 Rd2+ 71. Kf3 Rd3+ 72. Kf2
Rg3 73. Rf8+ Kg6 74. Rg8+ Kf7 75. Ra8 f3 76. Ra7+ Kg6 77. Ra6+ Kh5 78. gxf3 Rxh3
79. Ra8 Rh2+ 80. Kg1 Rb2 81. Rg8 Kh6 82. Kh1 Rf2 83. Rf8 Kg7 84. Rf5 Kg6 85. Rf8
Ra2 86. Kg1 Ra6 87. Kg2 Rf6 88. Rg8+ Kf5 89. Ra8 Re6 90. Ra5+ Re5 91. Ra4 Re2+
92. Kf1 Rb2 93. Rb4 Rxb4 0-1

[Event "Titled Tue 10th Jun Late"]
[Site "chess.com INT"]
[Date "2025.06.10"]
[Round "8"]
[White "Shuvalova, Polina"]
[Black "Paszewski, Mateusz"]
[Result "0-1"]
[WhiteTitle "IM"]
[BlackTitle "FM"]
[WhiteElo "2480"]
[BlackElo "2361"]
[WhiteFideId "24171760"]
[BlackFideId "1141058"]
[EventDate "2025.06.10"]

1. e4 c5 2. Nf3 Nc6 3. c4 g6 4. d4 cxd4 5. Nxd4 Nf6 6. Nc3 Nxd4 7. Qxd4 d6 8.
Be3 Bg7 9. f3 O-O 10. Qd2 Be6 11. Rc1 Qa5 12. Be2 Rfc8 13. b3 a6 14. a4 Nd7 15.
Nd5 Qxd2+ 16. Kxd2 Bxd5 17. exd5 Nc5 18. Rb1 a5 19. Rhe1 Bf6 20. Bd1 Ra6 21. Bc2
Rb6 22. f4 h5 23. g3 Kg7 24. Re2 Ra6 25. h3 Rh8 26. Rf1 Rb6 27. Kd1 Kf8 28. Rf3
Ra6 29. Bd2 Ra8 30. Rfe3 b6 31. Be4 Rc8 32. Kc2 Rc7 33. Bf3 Bd4 34. Bc3 Bxc3 35.
Kxc3 f6 36. Be4 Kf7 37. Bc2 Na6 38. Re1 Nb4 39. Kb2 Na6 40. Bb1 Nc5 41. Kc3 h4
42. g4 Rg8 43. g5 f5 44. b4 axb4+ 45. Kxb4 Ra8 46. Bc2 Na6+ 47. Kc3 Nc5 48. Ra1
Rca7 49. Kb4 Na6+ 50. Kc3 Nc5 51. Kd2 Rc7 52. Rea3 Nb7 53. Kd3 Na5 54. Rc3 Rac8
55. Rb1 Rb8 56. Rb5 Nb7 57. Kd2 Nc5 58. a5 Rcb7 59. Ra3 bxa5 60. Raxa5 Rxb5 61.
cxb5 Rb7 62. Kc3 e6 63. dxe6+ Kxe6 64. Kb4 Kd5 65. Ra8 Ne4 66. Bb3+ Kd4 67. Rg8
Ke3 68. Rxg6 Kxf4 69. Re6 Nxg5 70. Rxd6 Nxh3 71. Bd5 Rb8 72. b6 Ke5 73. Rd7 Nf4
74. Bc6 Ne6 75. b7 Nd8 76. Kb5 Nxb7 0-1

[Event "Titled Tue 10th Jun Late"]
[Site "chess.com INT"]
[Date "2025.06.10"]
[Round "8"]
[White "Mahdavi, Reza"]
[Black "Martinovici, Ilia"]
[Result "1-0"]
[WhiteTitle "IM"]
[BlackTitle "IM"]
[WhiteElo "2454"]
[BlackElo "2452"]
[WhiteFideId "12595926"]
[BlackFideId "13907034"]
[EventDate "2025.06.10"]

1. e4 e5 2. Nf3 Nc6 3. Nc3 Nf6 4. d4 exd4 5. Nxd4 Bb4 6. Nxc6 bxc6 7. Bd3 d5 8.
exd5 O-O 9. O-O cxd5 10. Bd2 c6 11. h3 h6 12. Qf3 Be6 13. Rad1 Re8 14. b3 Qa5
15. a3 Be7 16. b4 Qc7 17. Na4 Nd7 18. Rfe1 Bd6 19. Qh5 Ne5 20. Nc5 Nxd3 21. cxd3
Bxc5 22. bxc5 Qd7 23. Bf4 Bf5 24. Qf3 Bg6 25. Be5 Re6 26. Bc3 Rae8 27. Rxe6 Rxe6
28. Qf4 Kh7 29. Rb1 Qe7 30. Rb8 f6 31. d4 Re4 32. Qd6 Re6 33. Qxe7 Rxe7 34. Rc8
Be8 35. Bd2 Kg8 36. f3 Kf7 37. Kf2 Rb7 38. Bb4 Bd7 39. Ra8 Be8 40. Ke3 h5 41. h4
Bd7 42. Kd3 Bf5+ 43. Kc3 g5 44. hxg5 fxg5 45. Kb3 h4 46. Ka4 h3 47. gxh3 Bxh3
48. Bd2 Bg2 49. Ka5 Bxf3 50. Ka6 Rc7 51. Bxg5 Be2+ 52. Ka5 Ke6 53. Re8+ Kf5 54.
Bd8 Rc8 55. Rxe2 Rxd8 56. Ka6 Rb8 57. Kxa7 Rb3 58. Ka6 Rxa3+ 59. Kb6 Ra4 60.
Kxc6 Rxd4 61. Kd6 Rd1 62. Re5+ Kf6 63. Rxd5 Re1 64. c6 Re6+ 65. Kd7 Re7+ 66. Kd8
Rh7 67. c7 Rh8+ 68. Kd7 Rh7+ 69. Kc6 Ke6 70. c8=Q+ 1-0

[Event "Titled Tue 10th Jun Late"]
[Site "chess.com INT"]
[Date "2025.06.10"]
[Round "8"]
[White "Kislinsky, Alexey"]
[Black "Dominguez, Ramiro"]
[Result "0-1"]
[WhiteTitle "GM"]
[BlackTitle "FM"]
[WhiteElo "2341"]
[BlackElo "2210"]
[WhiteFideId "14108801"]
[BlackFideId "4420055"]
[EventDate "2025.06.10"]

1. d4 Nf6 2. c4 e6 3. Nf3 d5 4. e3 Bb4+ 5. Nbd2 O-O 6. Bd3 dxc4 7. Bxc4 c5 8.
dxc5 Bxc5 9. a3 Nc6 10. b4 Be7 11. Bb2 b6 12. O-O Bb7 13. Qe2 Rc8 14. Rfd1 Qc7
15. Rac1 Qb8 16. Ba6 Rfd8 17. h3 Qa8 18. Bxb7 Qxb7 19. Nd4 Nxd4 20. Bxd4 Nd5 21.
Nf3 Bf6 22. Bxf6 Nxf6 23. Nd4 Nd5 24. Qb2 a6 25. a4 b5 26. axb5 axb5 27. Rc5
Rxc5 28. bxc5 b4 29. Rc1 h6 30. Rc4 Qa6 31. Qb3 Rc8 32. Kh2 g6 33. g3 h5 34. h4
Qa1 35. Kg2 Qe1 36. Qd3 Nf6 37. Nc2 Qb1 38. Rxb4 Qa2 39. Rc4 Ng4 40. Qd4 Qb1 41.
Qd2 Qb7+ 42. e4 Qc7 43. Ne3 Ne5 44. Rc3 Qc6 45. Qd4 Nd7 46. Rc2 Nxc5 47. f3 Rc7
48. g4 Qb6 49. gxh5 Nd7 50. Qxb6 Rxc2+ 51. Nxc2 Nxb6 52. hxg6 fxg6 53. Kg3 Kf7
54. Kf4 Nc4 55. Nb4 e5+ 56. Kg3 Ne3 57. Nd3 Nc4 58. Kf2 Kf6 59. Kg3 Ne3 60. Nf2
Nc4 61. Ng4+ Ke6 62. Kf2 Nb2 63. Ne3 Nd3+ 64. Kg3 Ne1 65. Kg4 Kf6 66. Nd5+ Ke6
67. Nc7+ Kf6 68. Nb5 Ke6 69. Nc3 Kf6 70. Ne2 Nd3 71. Ng3 Nf2# 0-1

[Event "Titled Tue 10th Jun Late"]
[Site "chess.com INT"]
[Date "2025.06.10"]
[Round "8"]
[White "Vakhidov, Jakhongir"]
[Black "Maghsoodloo, Parham"]
[Result "0-1"]
[WhiteTitle "GM"]
[BlackTitle "GM"]
[WhiteElo "2539"]
[BlackElo "2691"]
[WhiteFideId "14201801"]
[BlackFideId "12539929"]
[EventDate "2025.06.10"]

1. c4 e6 2. Nc3 d5 3. d4 Nf6 4. cxd5 exd5 5. Bg5 Be7 6. e3 h6 7. Bh4 Bg4 8. Qc2
Nbd7 9. h3 Be6 10. Nf3 c6 11. Bd3 Bd6 12. O-O O-O 13. Nd2 Re8 14. Rae1 Nf8 15.
f4 Be7 16. Nf3 Rc8 17. Ne5 a6 18. Na4 Rc7 19. Nc5 Bc8 20. g4 N6d7 21. Bxe7 Rxe7
22. Nb3 c5 23. Nxd7 Nxd7 24. dxc5 Nxc5 25. Nxc5 b6 26. b4 Qd6 27. Rc1 bxc5 28.
bxc5 Qf6 29. Qf2 h5 30. Qg3 h4 31. Qf2 Bb7 32. Rfe1 g6 33. Bf1 Re4 34. Bg2 Rc4
35. Rxc4 dxc4 36. e4 Qe7 37. Rc1 Rxc5 38. Qd4 Qc7 39. e5 Bxg2 40. Kxg2 c3 41.
Rc2 Rc4 42. Qd6 Qb7+ 43. Kh2 Rxf4 44. e6 Qf3 45. Rg2 fxe6 46. Qxe6+ Kg7 47. Qe7+
Rf7 48. Qxh4 Rc7 49. Rc2 Qf4+ 50. Qg3 g5 51. Qxf4 gxf4 52. Kg2 Kf6 53. Kf3 Ke5
54. h4 Kd4 55. Kxf4 Kd3 56. Rc1 Kd2 57. Rh1 c2 58. h5 Rf7+ 59. Ke5 Re7+ 60. Kf6
Re1 61. Rh2+ Re2 62. Rh1 Kc3 63. h6 Rh2 64. Rg1 Rxh6+ 65. Kf7 Rd6 66. Rg3+ Kb2
67. Rg2 Kb1 68. Rxc2 Kxc2 69. g5 Kb2 70. a4 a5 71. g6 Ka3 72. g7 Rd7+ 73. Kf8
Rxg7 74. Kxg7 Kxa4 0-1

[Event "Titled Tue 10th Jun Late"]
[Site "chess.com INT"]
[Date "2025.06.10"]
[Round "8"]
[White "Csonka, Balazs"]
[Black "Sapocinic, Semion"]
[Result "0-1"]
[WhiteTitle "IM"]
[BlackTitle "FM"]
[WhiteElo "2467"]
[BlackElo "2296"]
[WhiteFideId "742910"]
[BlackFideId "13908693"]
[EventDate "2025.06.10"]

1. e4 e5 2. Nf3 Nc6 3. d4 exd4 4. Nxd4 Nf6 5. Nxc6 bxc6 6. e5 Qe7 7. Qe2 Nd5 8.
h4 d6 9. c4 Nb6 10. exd6 cxd6 11. Be3 Be6 12. Nd2 Qd7 13. g3 Be7 14. Bg2 Bf6 15.
Ne4 Be5 16. Rc1 g6 17. O-O O-O 18. Rfd1 Qc7 19. Bd4 Bxc4 20. Rxc4 Nxc4 21. Qxc4
d5 22. Bxe5 Qxe5 23. Qc3 Qxc3 24. Nxc3 a5 25. b3 Rfe8 26. Kf1 f5 27. Nxd5 cxd5
28. Bxd5+ Kg7 29. Bxa8 Rxa8 30. Rd4 Re8 31. Rd7+ Kh6 32. Ra7 Re5 33. Kg2 Rd5 34.
Kf3 Re5 35. Ra6 Rd5 36. Ke3 Kg7 37. Ra7+ Kh6 38. f3 Rc5 39. g4 fxg4 40. fxg4 g5
41. h5 Rb5 42. Kd4 Rb4+ 43. Kc5 Rxg4 44. Rxa5 Kxh5 45. b4 Rf4 46. b5 g4 47. b6
Rf8 48. Kd6+ Kh4 49. Kc7 g3 50. Ra4+ Kh3 51. Ra3 Kh2 52. Ra5 Rg8 53. Rh5+ Kg1
54. Rxh7 g2 55. b7 Kf2 56. Rf7+ Ke2 57. Re7+ Kd2 58. Rd7+ Kc2 59. Rd8 Rg7+ 60.
Rd7 g1=Q 61. b8=Q Qg3+ 62. Kc6 Qxb8 63. Rxg7 Qa8+ 64. Rb7 Qxa2 65. Rb5 Kd3 66.
Rd5+ Kc4 67. Rc5+ Kd4 68. Rb5 Qa6+ 69. Rb6 Qc4+ 70. Kb7 Kd5 71. Ka7 Qc7+ 72. Ka6
Qd7 73. Rb5+ Kc4 74. Rb6 Kc5 75. Rb8 Qa4+ 76. Kb7 Qc6+ 77. Ka7 Qc7+ 78. Rb7 Qa5+
79. Kb8 Kc6 80. Kc8 Qf5+ 81. Kb8 Qf8+ 82. Ka7 Qd8 83. Ka6 Qc8 84. Ka5 Qxb7 0-1

[Event "Titled Tue 10th Jun Late"]
[Site "chess.com INT"]
[Date "2025.06.10"]
[Round "8"]
[White "Ersoz, Teoman Guney"]
[Black "Li, Eric 2007"]
[Result "1-0"]
[WhiteTitle "CM"]
[BlackTitle "IM"]
[WhiteElo "2052"]
[BlackElo "2372"]
[WhiteFideId "44537050"]
[BlackFideId "30939941"]
[EventDate "2025.06.10"]

1. d4 Nf6 2. Nc3 d5 3. Bg5 c5 4. e4 Nxe4 5. Nxe4 dxe4 6. dxc5 Qxd1+ 7. Rxd1 f6
8. Bb5+ Bd7 9. Bxd7+ Nxd7 10. Be3 a5 11. Ne2 e5 12. Nc3 Nxc5 13. Rd5 Rc8 14.
Bxc5 Rxc5 15. Rxc5 Bxc5 16. Nxe4 Be7 17. Ke2 Kd7 18. Rd1+ Kc6 19. c4 a4 20. Nc3
Ra8 21. Nd5 Bc5 22. f3 f5 23. Nc3 Bd4 24. Kd3 Kc5 25. Rd2 Rd8 26. Kc2 Kxc4 27.
Nxa4 b5 28. Nc3 Ra8 29. b3+ Kb4 30. Nd5+ Kc5 31. Nc3 b4 32. Na4+ Kb5 33. Kd3 Rd8
34. Rc2 Bg1+ 35. Ke2 Bxh2 36. Rc5+ Ka6 37. Rc6+ Kb7 38. Rb6+ Kc7 39. Rxb4 Bf4
40. Rc4+ Kb7 41. Nc5+ Kb6 42. Nd3 Bg3 43. a4 Re8 44. b4 e4 45. fxe4 Rxe4+ 46.
Rxe4 fxe4 47. Nc1 Bd6 48. Na2 Bf4 49. Nc3 Bd6 50. b5 Ka5 51. Ke3 Bb4 52. Nd5
Bc5+ 53. Kxe4 Kxa4 54. b6 Kb5 55. b7 Bd6 56. Kf5 Kc6 57. Ke6 Bb8 58. Ne7+ Kxb7
59. Kf7 Be5 60. Nf5 g6 61. Nh6 Kc6 62. Kg8 Kd5 63. Kxh7 g5 64. Nf7 g4 65. Kg6
Ke4 66. Kg5 g3 67. Nxe5 Kxe5 68. Kg4 Kf6 69. Kf4 Kg6 70. Kf3 Kg5 71. Kxg3 Kf5
72. Kh4 Kg6 73. Kg4 Kf6 74. Kh5 Kg7 75. Kg5 Kf7 76. Kh6 Kg8 77. Kg6 Kh8 78. Kf7
Kh7 79. g4 Kh6 80. Kf6 Kh7 81. g5 Kh8 82. Kf7 Kh7 83. g6+ Kh6 84. g7 1-0

[Event "Titled Tue 10th Jun Late"]
[Site "chess.com INT"]
[Date "2025.06.10"]
[Round "8"]
[White "Nalbandyan, Vahan"]
[Black "Pereyra, Horacio"]
[Result "0-1"]
[WhiteTitle "CM"]
[WhiteElo "2155"]
[BlackElo "2133"]
[WhiteFideId "13309439"]
[BlackFideId "113700"]
[EventDate "2025.06.10"]

1. e4 c5 2. c3 d5 3. exd5 Qxd5 4. d4 Nf6 5. Nf3 Bg4 6. Be2 e6 7. h3 Bh5 8. O-O
cxd4 9. Nxd4 Bxe2 10. Qxe2 Nc6 11. Nxc6 Qxc6 12. Nd2 Be7 13. Nf3 O-O 14. Be3 b5
15. Nd4 Qe4 16. Nxb5 Nd5 17. Rfe1 Rab8 18. Nd4 Nxe3 19. fxe3 e5 20. Nb3 Bg5 21.
Rad1 Rfd8 22. Nc5 Qxe3+ 23. Qf2 Rxd1 24. Rxd1 Qxf2+ 25. Kxf2 Rxb2+ 26. Kf3 f5
27. g4 e4+ 28. Nxe4 fxe4+ 29. Kxe4 Rxa2 30. Rd7 a5 31. c4 a4 32. c5 Rc2 33. Kd3
Rxc5 34. Ra7 Rd5+ 35. Ke4 Rd8 36. Rxa4 Bf6 37. Ra7 h6 38. Kf5 Kh7 39. Kf4 Rd4+
40. Ke3 Rb4 41. Ra3 Bg5+ 42. Kf3 Rf4+ 43. Kg3 Rc4 44. Rd3 Bf4+ 45. Kf3 Bg5 46.
Kg3 Bf6 47. Kf3 Be5 48. Rd5 Bf6 49. Kg3 Kg6 50. Kg2 Rc3 51. Rb5 Bh4 52. Ra5 Rg3+
53. Kh2 Rd3 54. Rc5 Rd2+ 55. Kh1 Bg3 56. Rf5 Bh4 57. Kg1 Bg5 58. Rb5 h5 59. Rf5
h4 60. Rb5 Rd3 61. Kg2 Rg3+ 62. Kh2 Bf4 63. Rf5 Bd6 64. Kh1 Rxh3+ 65. Kg2 Rg3+
66. Kf2 h3 67. Rd5 h2 68. Rxd6+ Kg5 69. Rd1 Rh3 70. Kg2 Rh4 71. Rh1 Kxg4 72.
Rxh2 Rxh2+ 73. Kxh2 Kf3 74. Kg1 g5 75. Kf1 g4 76. Kg1 Kg3 77. Kh1 Kf2 78. Kh2
g3+ 79. Kh3 g2 80. Kh4 g1=Q 81. Kh3 Qg3# 0-1

[Event "Titled Tue 10th Jun Late"]
[Site "chess.com INT"]
[Date "2025.06.10"]
[Round "8"]
[White "Ambartsumova, Karina"]
[Black "Antoniou, Rafail"]
[Result "0-1"]
[WhiteTitle "IM"]
[BlackTitle "CM"]
[WhiteElo "2403"]
[BlackElo "2134"]
[WhiteFideId "4166299"]
[BlackFideId "5904390"]
[EventDate "2025.06.10"]

1. Nf3 d5 2. c4 c6 3. e3 Nf6 4. Nc3 Bg4 5. cxd5 Nxd5 6. d4 e6 7. h3 Bh5 8. Be2
Be7 9. O-O O-O 10. e4 Nxc3 11. bxc3 Nd7 12. Qb3 b5 13. c4 bxc4 14. Qxc4 Nf6 15.
Qc2 Rc8 16. Be3 Bg6 17. Bd3 Qa5 18. Rfc1 Rfd8 19. Ne5 Nd7 20. Nxc6 Qa3 21. Nxe7+
Qxe7 22. Qxc8 Rxc8 23. Rxc8+ Nf8 24. d5 Qd7 25. Ba6 h5 26. Bc5 exd5 27. exd5
Qxd5 28. Rxf8+ Kh7 29. Rc1 Qg5 30. Be3 Qa5 31. Bc4 Qa3 32. Ra8 Be4 33. Rxa7 Qd6
34. Rxf7 Qg6 35. f3 Bd3 36. Bd4 Kh6 37. Rxg7 Qd6 38. Bb2 Qb6+ 39. Kh2 Qxb2 40.
Bxd3 Kxg7 41. Rc7+ Kf6 42. Rc6+ Kg7 43. Be4 Qxa2 44. Rg6+ Kf7 45. h4 Qd2 46. Kh3
Qe1 47. Rg5 Qh1+ 48. Kg3 Qe1+ 49. Kf4 Qxh4+ 50. Kf5 Qh2 51. f4 Qh4 52. Bd5+ Ke7
53. Bf3 Qe1 54. Rxh5 Qa5+ 55. Kg4 Qd2 56. Re5+ Kf6 57. Rf5+ Kg6 58. Rg5+ Kh6 59.
g3 Qd7+ 60. f5 Qd2 61. Rg6+ Kh7 62. Kh4 Qf2 63. Kg4 Qe1 64. Rg5 Kh6 65. Rh5+ Kg7
66. Rg5+ Kf6 67. Rg6+ Kf7 68. Bd5+ Kf8 69. Rg8+ Ke7 70. Rg6 Qd1+ 71. Bf3 Qa4+
72. Kh3 Qd4 73. Re6+ Kf7 74. Bh5+ Kg7 75. Rg6+ Kh7 76. Rg4 Qg1 77. Kh4 Kh6 78.
Rg6+ Kh7 79. Bg4 Qh2+ 80. Kg5 Qd2+ 81. Kh5 Qe3 82. Rh6+ Qxh6# 0-1